[Event "Deutsche Ländermeisterschaft 2025"]
[Site "Oer-Erkenschwick GER"]
[Date "2025.10.03"]
[Round "5"]
[White "Schwarz, David"]
[Black "Farokhi, Keyvan"]
[Result "1/2-1/2"]
[Termination "normal"]
[Board "3.1"]
[BlackTitle "FM"]
[WhiteElo "2149"]
[BlackElo "2384"]
[WhiteClock "00:05:40"]
[BlackClock "00:06:47"]
[WhiteTeam "Rheinland-Pfalz"]
[BlackTeam "Schleswig-Holstein"]
[PlyCount "110"]
[WhiteFideId "16287614"]
[BlackFideId "12998630"]
[EventCountry "GER"]
[EventRounds "7"]
[EventType "team-swiss"]
[EventDate "2025.09.30"]

1. d4 {[%clk 01:30:55]} {[%emt 00:00:04]} d5 {[%clk 01:30:27]} {[%emt
00:00:32]} 2. c3 {[%clk 01:31:08]} {[%emt 00:00:18]} a5 {[%clk 01:30:32]}
{[%emt 00:00:26]} 3. Nf3 {[%clk 01:25:49]} {[%emt 00:05:49]} Nf6 {[%clk
01:30:40]} {[%emt 00:00:21]} 4. Bf4 {[%clk 01:25:42]} {[%emt 00:00:37]} Bf5
{[%clk 01:30:48]} {[%emt 00:00:22]} 5. Nbd2 {[%clk 01:22:20]} {[%emt 00:03:51]}
Nbd7 {[%clk 01:30:43]} {[%emt 00:00:36]} 6. h3 {[%clk 01:21:13]} {[%emt
00:01:38]} e6 {[%clk 01:30:20]} {[%emt 00:00:53]} 7. e3 {[%clk 01:21:08]}
{[%emt 00:00:35]} h6 {[%clk 01:29:41]} {[%emt 00:01:08]} 8. Ne5 {[%clk
01:20:06]} {[%emt 00:01:32]} Be7 {[%clk 01:25:57]} {[%emt 00:04:13]} 9. Ndf3
{[%clk 01:20:10]} {[%emt 00:00:28]} Nxe5 {[%clk 01:17:35]} {[%emt 00:08:51]}
10. Nxe5 {[%clk 01:20:23]} {[%emt 00:00:18]} O-O {[%clk 01:17:36]} {[%emt
00:00:28]} 11. Bd3 {[%clk 01:13:16]} {[%emt 00:07:38]} Ne4 {[%clk 01:15:15]}
{[%emt 00:02:50]} 12. O-O {[%clk 01:11:45]} {[%emt 00:02:02]} f6 {[%clk
01:02:43]} {[%emt 00:13:01]} 13. Nf3 {[%clk 01:10:47]} {[%emt 00:01:28]} g5
{[%clk 01:01:44]} {[%emt 00:01:29]} 14. Bh2 {[%clk 01:10:26]} {[%emt 00:00:52]}
c6 {[%clk 01:01:14]} {[%emt 00:00:58]} 15. Qc2 {[%clk 01:09:11]} {[%emt
00:01:46]} Bd6 {[%clk 00:48:37]} {[%emt 00:13:06]} 16. Bxd6 {[%clk 01:08:30]}
{[%emt 00:01:11]} Qxd6 {[%clk 00:47:23]} {[%emt 00:01:44]} 17. Nd2 {[%clk
01:07:02]} {[%emt 00:01:59]} Nxd2 {[%clk 00:46:35]} {[%emt 00:01:17]} 18. Qxd2
{[%clk 01:07:29]} {[%emt 00:00:03]} Bxd3 {[%clk 00:44:13]} {[%emt 00:02:52]}
19. Qxd3 {[%clk 01:06:25]} {[%emt 00:01:35]} f5 {[%clk 00:44:36]} {[%emt
00:00:06]} 20. f4 {[%clk 00:57:58]} {[%emt 00:08:58]} Rf6 {[%clk 00:40:37]}
{[%emt 00:04:28]} 21. g3 {[%clk 00:57:23]} {[%emt 00:01:06]} Rg6 {[%clk
00:39:20]} {[%emt 00:01:47]} 22. Kh2 {[%clk 00:57:03]} {[%emt 00:00:50]} Kh7
{[%clk 00:38:38]} {[%emt 00:01:12]} 23. Qe2 {[%clk 00:52:24]} {[%emt 00:05:09]}
Rag8 {[%clk 00:37:22]} {[%emt 00:01:47]} 24. Rg1 {[%clk 00:52:40]} {[%emt
00:00:14]} b6 {[%clk 00:34:27]} {[%emt 00:03:24]} 25. Rad1 {[%clk 00:37:09]}
{[%emt 00:16:02]} b5 {[%clk 00:27:18]} {[%emt 00:07:38]} 26. Rc1 {[%clk
00:32:00]} {[%emt 00:05:40]} R6g7 {[%clk 00:27:08]} {[%emt 00:00:40]} 27. Rcd1
{[%clk 00:31:22]} {[%emt 00:01:08]} Qb8 {[%clk 00:24:55]} {[%emt 00:02:41]} 28.
Rc1 {[%clk 00:31:10]} {[%emt 00:00:43]} Qe8 {[%clk 00:24:41]} {[%emt 00:00:44]}
29. Rcd1 {[%clk 00:22:11]} {[%emt 00:09:31]} h5 {[%clk 00:23:09]} {[%emt
00:02:02]} 30. Qf2 {[%clk 00:22:33]} {[%emt 00:00:08]} g4 {[%clk 00:16:41]}
{[%emt 00:06:58]} 31. h4 {[%clk 00:22:44]} {[%emt 00:00:20]} Rb7 {[%clk
00:17:02]} {[%emt 00:00:08]} 32. Rc1 {[%clk 00:15:58]} {[%emt 00:07:16]} Qe7
{[%clk 00:16:54]} {[%emt 00:00:38]} 33. Qd2 {[%clk 00:06:38]} {[%emt 00:09:50]}
Rc8 {[%clk 00:16:06]} {[%emt 00:01:17]} 34. b4 {[%clk 00:03:22]} {[%emt
00:03:46]} Ra7 {[%clk 00:16:25]} {[%emt 00:00:12]} 35. a3 {[%clk 00:03:21]}
{[%emt 00:00:31]} axb4 {[%clk 00:16:36]} {[%emt 00:00:18]} 36. axb4 {[%clk
00:03:45]} {[%emt 00:00:06]} Rca8 {[%clk 00:16:56]} {[%emt 00:00:10]} 37. Rc2
{[%clk 00:03:51]} {[%emt 00:00:24]} Ra3 {[%clk 00:15:57]} {[%emt 00:01:29]} 38.
Rb1 {[%clk 00:02:09]} {[%emt 00:02:12]} R8a4 {[%clk 00:16:08]} {[%emt
00:00:19]} 39. Rbb2 {[%clk 00:02:14]} {[%emt 00:00:26]} Qa7 {[%clk 00:16:25]}
{[%emt 00:00:12]} 40. Kg2 {[%clk 00:02:13]} {[%emt 00:00:31]} Kg6 {[%clk
00:12:26]} {[%emt 00:04:29]} 41. Qe2 {[%clk 00:02:22]} {[%emt 00:00:22]} Ra1
{[%clk 00:11:20]} {[%emt 00:01:35]} 42. Qd2 {[%clk 00:02:37]} {[%emt 00:00:15]}
R4a3 {[%clk 00:10:13]} {[%emt 00:01:37]} 43. Qe2 {[%clk 00:02:41]} {[%emt
00:00:27]} Qa4 {[%clk 00:10:16]} {[%emt 00:00:26]} 44. Qd2 {[%clk 00:03:06]}
{[%emt 00:00:05]} Kf7 {[%clk 00:10:12]} {[%emt 00:00:34]} 45. Qe2 {[%clk
00:03:17]} {[%emt 00:00:20]} Ke8 {[%clk 00:09:11]} {[%emt 00:01:31]} 46. Qd2
{[%clk 00:03:39]} {[%emt 00:00:08]} Kd7 {[%clk 00:09:34]} {[%emt 00:00:06]} 47.
Qe2 {[%clk 00:04:03]} {[%emt 00:00:06]} Kc8 {[%clk 00:09:58]} {[%emt 00:00:06]}
48. Qd2 {[%clk 00:04:28]} {[%emt 00:00:06]} Kb7 {[%clk 00:10:22]} {[%emt
00:00:05]} 49. Qe2 {[%clk 00:04:53]} {[%emt 00:00:05]} Rb3 {[%clk 00:08:01]}
{[%emt 00:02:50]} 50. Ra2 {[%clk 00:05:02]} {[%emt 00:00:22]} Rxa2 {[%clk
00:08:08]} {[%emt 00:00:23]} 51. Rxa2 {[%clk 00:05:30]} {[%emt 00:00:02]} Ra3
{[%clk 00:08:29]} {[%emt 00:00:09]} 52. Rxa3 {[%clk 00:05:58]} {[%emt
00:00:03]} Qxa3 {[%clk 00:08:51]} {[%emt 00:00:07]} 53. Qe1 {[%clk 00:06:26]}
{[%emt 00:00:02]} Qb2+ {[%clk 00:07:51]} {[%emt 00:01:30]} 54. Kg1 {[%clk
00:05:25]} {[%emt 00:01:31]} Qc2 {[%clk 00:06:45]} {[%emt 00:01:35]} 55. Kh1
{[%clk 00:05:40]} {[%emt 00:00:16]} Qb2 {[%clk 00:06:47]} {[%emt 00:00:27]}
1/2-1/2

[Event "Deutsche Ländermeisterschaft 2025"]
[Site "Oer-Erkenschwick GER"]
[Date "2025.10.03"]
[Round "5"]
[White "Guo, Philipp Ziming"]
[Black "Mader, Fabian"]
[Result "1/2-1/2"]
[Termination "normal"]
[Board "3.2"]
[WhiteElo "2204"]
[BlackElo "2153"]
[WhiteClock "00:28:22"]
[BlackClock "01:16:13"]
[WhiteTeam "Schleswig-Holstein"]
[BlackTeam "Rheinland-Pfalz"]
[PlyCount "83"]
[WhiteFideId "16245199"]
[BlackFideId "16265866"]
[EventCountry "GER"]
[EventRounds "7"]
[EventType "team-swiss"]
[EventDate "2025.09.30"]

1. e4 {[%clk 01:30:54]} {[%emt 00:00:05]} c5 {[%clk 01:30:56]} {[%emt
00:00:05]} 2. Nf3 {[%clk 01:31:02]} {[%emt 00:00:21]} Nc6 {[%clk 01:31:17]}
{[%emt 00:00:11]} 3. d4 {[%clk 01:31:20]} {[%emt 00:00:11]} cxd4 {[%clk
01:31:42]} {[%emt 00:00:05]} 4. Nxd4 {[%clk 01:31:47]} {[%emt 00:00:03]} Nf6
{[%clk 01:32:06]} {[%emt 00:00:06]} 5. Nc3 {[%clk 01:32:06]} {[%emt 00:00:10]}
e5 {[%clk 01:32:32]} {[%emt 00:00:05]} 6. Ndb5 {[%clk 01:32:21]} {[%emt
00:00:13]} d6 {[%clk 01:32:58]} {[%emt 00:00:06]} 7. Bg5 {[%clk 01:32:05]}
{[%emt 00:00:45]} a6 {[%clk 01:33:23]} {[%emt 00:00:06]} 8. Na3 {[%clk
01:32:30]} {[%emt 00:00:05]} b5 {[%clk 01:33:49]} {[%emt 00:00:04]} 9. Nd5
{[%clk 01:32:49]} {[%emt 00:00:10]} Be7 {[%clk 01:34:14]} {[%emt 00:00:06]} 10.
Bxf6 {[%clk 01:33:13]} {[%emt 00:00:06]} Bxf6 {[%clk 01:34:41]} {[%emt
00:00:04]} 11. c4 {[%clk 01:33:13]} {[%emt 00:00:29]} b4 {[%clk 01:35:05]}
{[%emt 00:00:06]} 12. Nc2 {[%clk 01:33:37]} {[%emt 00:00:05]} O-O {[%clk
01:33:03]} {[%emt 00:02:33]} 13. g3 {[%clk 01:34:00]} {[%emt 00:00:06]} Bg5
{[%clk 01:30:19]} {[%emt 00:03:15]} 14. Bg2 {[%clk 01:34:13]} {[%emt 00:00:16]}
Qa5 {[%clk 01:29:26]} {[%emt 00:01:25]} 15. O-O {[%clk 01:34:26]} {[%emt
00:00:13]} Qc5 {[%clk 01:29:25]} {[%emt 00:00:34]} 16. Kh1 {[%clk 01:33:48]}
{[%emt 00:01:07]} Bh6 {[%clk 01:27:19]} {[%emt 00:02:37]} 17. b3 {[%clk
01:20:34]} {[%emt 00:13:44]} Ra7 {[%clk 01:24:11]} {[%emt 00:03:38]} 18. f4
{[%clk 01:17:42]} {[%emt 00:03:21]} f5 {[%clk 01:23:48]} {[%emt 00:00:53]} 19.
Qd3 {[%clk 01:01:29]} {[%emt 00:16:42]} g6 {[%clk 01:19:16]} {[%emt 00:05:03]}
20. Rad1 {[%clk 00:58:50]} {[%emt 00:03:08]} fxe4 {[%clk 01:15:23]} {[%emt
00:04:24]} 21. Bxe4 {[%clk 00:58:59]} {[%emt 00:00:20]} Bg4 {[%clk 01:11:41]}
{[%emt 00:04:13]} 22. Rde1 {[%clk 00:53:34]} {[%emt 00:05:54]} exf4 {[%clk
01:08:39]} {[%emt 00:03:33]} 23. Nxf4 {[%clk 00:46:48]} {[%emt 00:07:16]} Ne5
{[%clk 01:06:06]} {[%emt 00:03:03]} 24. Qd5+ {[%clk 00:46:35]} {[%emt
00:00:42]} Qxd5 {[%clk 01:04:39]} {[%emt 00:01:57]} 25. Bxd5+ {[%clk 00:45:10]}
{[%emt 00:01:55]} Kh8 {[%clk 01:02:27]} {[%emt 00:02:43]} 26. Nxb4 {[%clk
00:43:10]} {[%emt 00:02:29]} a5 {[%clk 00:53:44]} {[%emt 00:09:13]} 27. Nc6
{[%clk 00:40:00]} {[%emt 00:03:41]} Nxc6 {[%clk 00:53:15]} {[%emt 00:00:59]}
28. Bxc6 {[%clk 00:40:22]} {[%emt 00:00:06]} Raf7 {[%clk 00:53:02]} {[%emt
00:00:44]} 29. Bd5 {[%clk 00:26:59]} {[%emt 00:13:53]} Rf6 {[%clk 00:52:51]}
{[%emt 00:00:42]} 30. Bg2 {[%clk 00:11:14]} {[%emt 00:16:15]} Bxf4 {[%clk
00:51:11]} {[%emt 00:02:10]} 31. Rxf4 {[%clk 00:11:40]} {[%emt 00:00:04]} Rxf4
{[%clk 00:51:31]} {[%emt 00:00:10]} 32. gxf4 {[%clk 00:12:06]} {[%emt
00:00:04]} Rxf4 {[%clk 00:51:53]} {[%emt 00:00:08]} 33. Re8+ {[%clk 00:12:30]}
{[%emt 00:00:05]} Kg7 {[%clk 00:52:18]} {[%emt 00:00:06]} 34. Ra8 {[%clk
00:12:31]} {[%emt 00:00:30]} Rf5 {[%clk 00:50:53]} {[%emt 00:01:55]} 35. Ra6
{[%clk 00:11:46]} {[%emt 00:01:14]} Re5 {[%clk 00:50:08]} {[%emt 00:01:14]} 36.
h3 {[%clk 00:11:05]} {[%emt 00:01:11]} Bf5 {[%clk 00:50:01]} {[%emt 00:00:38]}
37. Kg1 {[%clk 00:05:47]} {[%emt 00:05:48]} Bb1 {[%clk 00:48:41]} {[%emt
00:01:51]} 38. Rxd6 {[%clk 00:05:50]} {[%emt 00:00:27]} Bxa2 {[%clk 00:48:42]}
{[%emt 00:00:29]} 39. Rd3 {[%clk 00:05:07]} {[%emt 00:01:12]} Re1+ {[%clk
00:48:05]} {[%emt 00:01:07]} 40. Kf2 {[%clk 00:05:33]} {[%emt 00:00:04]} Rb1
{[%clk 00:48:23]} {[%emt 00:00:13]} 41. Rd7+ {[%clk 00:28:27]} {[%emt
00:07:37]} Kh6 {[%clk 01:16:13]} {[%emt 00:02:40]} 42. Ra7 {[%clk 00:28:22]}
{[%emt 00:00:34]} 1/2-1/2

[Event "Deutsche Ländermeisterschaft 2025"]
[Site "Oer-Erkenschwick GER"]
[Date "2025.10.03"]
[Round "5"]
[White "Weber, Nikita"]
[Black "Sommer, Justus"]
[Result "1/2-1/2"]
[Termination "normal"]
[Board "3.3"]
[WhiteElo "2057"]
[BlackElo "2111"]
[WhiteClock "00:49:45"]
[BlackClock "00:33:28"]
[WhiteTeam "Rheinland-Pfalz"]
[BlackTeam "Schleswig-Holstein"]
[PlyCount "41"]
[WhiteFideId "34608770"]
[BlackFideId "16245008"]
[EventCountry "GER"]
[EventRounds "7"]
[EventType "team-swiss"]
[EventDate "2025.09.30"]

1. d4 {[%emt 00:00:40]} d5 {[%clk 01:30:47]} {[%emt 00:00:08]} 2. c3 {[%clk
01:30:51]} {[%emt 00:00:04]} Nf6 {[%clk 01:29:44]} {[%emt 00:01:31]} 3. Nf3
{[%clk 01:31:08]} {[%emt 00:00:14]} c6 {[%clk 01:30:06]} {[%emt 00:00:07]} 4.
Qc2 {[%clk 01:31:28]} {[%emt 00:00:10]} g6 {[%clk 01:28:59]} {[%emt 00:01:36]}
5. Bf4 {[%clk 01:31:36]} {[%emt 00:00:24]} Bf5 {[%clk 01:28:30]} {[%emt
00:00:58]} 6. Qb3 {[%clk 01:32:04]} {[%emt 00:00:03]} Qb6 {[%clk 01:28:48]}
{[%emt 00:00:12]} 7. e3 {[%clk 01:31:57]} {[%emt 00:00:38]} Nbd7 {[%clk
01:27:02]} {[%emt 00:02:14]} 8. Nbd2 {[%clk 01:32:12]} {[%emt 00:00:15]} Bg7
{[%clk 01:20:09]} {[%emt 00:07:23]} 9. h3 {[%clk 01:32:30]} {[%emt 00:00:14]}
O-O {[%clk 01:12:41]} {[%emt 00:07:56]} 10. g4 {[%clk 01:32:43]} {[%emt
00:00:19]} Be4 {[%clk 01:11:37]} {[%emt 00:01:33]} 11. Be2 {[%clk 01:29:14]}
{[%emt 00:03:59]} Rfe8 {[%clk 01:07:13]} {[%emt 00:04:54]} 12. O-O {[%clk
01:14:36]} {[%emt 00:15:10]} Bxf3 {[%clk 01:03:29]} {[%emt 00:04:13]} 13. Bxf3
{[%clk 01:11:50]} {[%emt 00:03:16]} e5 {[%clk 01:02:20]} {[%emt 00:01:39]} 14.
Bh2 {[%clk 01:10:11]} {[%emt 00:02:10]} h6 {[%clk 00:59:37]} {[%emt 00:03:12]}
15. a4 {[%clk 01:07:51]} {[%emt 00:02:50]} Qxb3 {[%clk 00:46:00]} {[%emt
00:14:07]} 16. Nxb3 {[%clk 01:08:19]} {[%emt 00:00:02]} b6 {[%clk 00:43:09]}
{[%emt 00:03:20]} 17. Rfd1 {[%clk 01:05:39]} {[%emt 00:03:11]} e4 {[%clk
00:41:17]} {[%emt 00:02:21]} 18. Be2 {[%clk 01:04:38]} {[%emt 00:01:31]} a5
{[%clk 00:38:18]} {[%emt 00:03:28]} 19. Rac1 {[%clk 01:02:05]} {[%emt
00:03:04]} Rec8 {[%clk 00:35:40]} {[%emt 00:03:06]} 20. Rd2 {[%clk 00:53:59]}
{[%emt 00:08:38]} Bf8 {[%clk 00:33:28]} {[%emt 00:02:42]} 21. Rdc2 {[%clk
00:49:45]} {[%emt 00:04:45]} 1/2-1/2

[Event "Deutsche Ländermeisterschaft 2025"]
[Site "Oer-Erkenschwick GER"]
[Date "2025.10.03"]
[Round "5"]
[White "Sasse, Conan"]
[Black "Vranckx, Oscar"]
[Result "1/2-1/2"]
[Termination "normal"]
[Board "3.4"]
[WhiteElo "1906"]
[BlackElo "2117"]
[WhiteClock "00:06:38"]
[BlackClock "01:03:56"]
[WhiteTeam "Schleswig-Holstein"]
[BlackTeam "Rheinland-Pfalz"]
[PlyCount "130"]
[WhiteFideId "34684336"]
[BlackFideId "34608788"]
[EventCountry "GER"]
[EventRounds "7"]
[EventType "team-swiss"]
[EventDate "2025.09.30"]

1. d4 {[%clk 01:30:26]} {[%emt 00:00:31]} e6 {[%clk 01:30:50]} {[%emt
00:00:10]} 2. c4 {[%clk 01:30:48]} {[%emt 00:00:09]} b6 {[%clk 01:30:54]}
{[%emt 00:00:26]} 3. Nf3 {[%clk 01:31:08]} {[%emt 00:00:10]} Bb7 {[%clk
01:31:15]} {[%emt 00:00:09]} 4. g3 {[%clk 01:30:56]} {[%emt 00:00:42]} Nf6
{[%clk 01:30:28]} {[%emt 00:01:17]} 5. Bg2 {[%clk 01:30:54]} {[%emt 00:00:32]}
Bb4+ {[%clk 01:30:35]} {[%emt 00:00:22]} 6. Bd2 {[%clk 01:31:10]} {[%emt
00:00:14]} Be7 {[%clk 01:30:57]} {[%emt 00:00:09]} 7. Nc3 {[%clk 01:30:43]}
{[%emt 00:00:57]} O-O {[%clk 01:30:56]} {[%emt 00:00:29]} 8. O-O {[%clk
01:31:07]} {[%emt 00:00:06]} d5 {[%clk 01:31:21]} {[%emt 00:00:05]} 9. cxd5
{[%clk 01:31:11]} {[%emt 00:00:27]} exd5 {[%clk 01:31:42]} {[%emt 00:00:08]}
10. Qb3 {[%clk 01:31:12]} {[%emt 00:00:29]} Na6 {[%clk 01:29:12]} {[%emt
00:03:00]} 11. Rad1 {[%clk 01:28:32]} {[%emt 00:03:10]} Rc8 {[%clk 01:28:36]}
{[%emt 00:01:07]} 12. Rfe1 {[%clk 01:23:23]} {[%emt 00:05:39]} c5 {[%clk
01:28:10]} {[%emt 00:00:56]} 13. a3 {[%clk 01:21:46]} {[%emt 00:02:07]} Ne4
{[%clk 01:22:01]} {[%emt 00:06:39]} 14. dxc5 {[%clk 01:14:59]} {[%emt
00:07:18]} Naxc5 {[%clk 01:21:35]} {[%emt 00:00:55]} 15. Qa2 {[%clk 01:15:10]}
{[%emt 00:00:19]} Bf6 {[%clk 01:20:17]} {[%emt 00:01:48]} 16. Nxe4 {[%clk
01:09:32]} {[%emt 00:06:07]} Nxe4 {[%clk 01:19:46]} {[%emt 00:01:01]} 17. Be3
{[%clk 01:09:01]} {[%emt 00:01:01]} Qe7 {[%clk 01:16:39]} {[%emt 00:03:37]} 18.
Bd4 {[%clk 01:06:17]} {[%emt 00:03:14]} Bxd4 {[%clk 01:14:56]} {[%emt
00:02:14]} 19. Nxd4 {[%clk 01:06:40]} {[%emt 00:00:05]} Qf6 {[%clk 01:15:16]}
{[%emt 00:00:11]} 20. Rf1 {[%clk 01:00:25]} {[%emt 00:06:45]} Rfe8 {[%clk
01:13:12]} {[%emt 00:02:34]} 21. Qb3 {[%clk 00:47:39]} {[%emt 00:13:17]} Rc4
{[%clk 01:09:27]} {[%emt 00:04:14]} 22. Bxe4 {[%clk 00:43:32]} {[%emt
00:04:36]} Rxe4 {[%clk 01:09:21]} {[%emt 00:00:36]} 23. e3 {[%clk 00:43:40]}
{[%emt 00:00:22]} h5 {[%clk 01:09:24]} {[%emt 00:00:27]} 24. f3 {[%clk
00:33:47]} {[%emt 00:10:23]} Re5 {[%clk 01:07:32]} {[%emt 00:02:22]} 25. Kf2
{[%clk 00:30:46]} {[%emt 00:03:31]} Ba6 {[%clk 01:07:05]} {[%emt 00:00:57]} 26.
Rg1 {[%clk 00:29:17]} {[%emt 00:01:59]} Re8 {[%clk 01:05:00]} {[%emt 00:02:36]}
27. Qd3 {[%clk 00:25:04]} {[%emt 00:04:43]} Rec8 {[%clk 01:03:39]} {[%emt
00:01:51]} 28. Qd2 {[%clk 00:24:04]} {[%emt 00:01:30]} g5 {[%clk 01:00:02]}
{[%emt 00:04:06]} 29. g4 {[%clk 00:22:09]} {[%emt 00:02:25]} h4 {[%clk
00:55:15]} {[%emt 00:05:17]} 30. Rc1 {[%clk 00:21:28]} {[%emt 00:01:11]} Qe5
{[%clk 00:54:23]} {[%emt 00:01:21]} 31. Rxc4 {[%clk 00:19:38]} {[%emt
00:02:20]} dxc4 {[%clk 00:53:58]} {[%emt 00:00:55]} 32. Kg2 {[%clk 00:18:37]}
{[%emt 00:01:31]} Re8 {[%clk 00:53:24]} {[%emt 00:01:03]} 33. Re1 {[%clk
00:17:57]} {[%emt 00:01:10]} Bb7 {[%clk 00:53:23]} {[%emt 00:00:31]} 34. e4
{[%clk 00:16:11]} {[%emt 00:02:16]} Rd8 {[%clk 00:52:42]} {[%emt 00:01:12]} 35.
Rd1 {[%clk 00:16:28]} {[%emt 00:00:12]} Rd6 {[%clk 00:49:28]} {[%emt 00:03:43]}
36. Qc3 {[%clk 00:11:33]} {[%emt 00:05:25]} b5 {[%clk 00:48:33]} {[%emt
00:01:26]} 37. Kh3 {[%clk 00:10:00]} {[%emt 00:02:03]} f6 {[%clk 00:44:01]}
{[%emt 00:05:01]} 38. Qe3 {[%clk 00:08:48]} {[%emt 00:01:42]} Bc8 {[%clk
00:41:17]} {[%emt 00:03:15]} 39. Rd2 {[%clk 00:07:50]} {[%emt 00:01:28]} Qc5
{[%clk 00:40:07]} {[%emt 00:01:38]} 40. Qc3 {[%clk 00:06:58]} {[%emt 00:01:22]}
a6 {[%clk 00:36:58]} {[%emt 00:03:40]} 41. Nf5 {[%clk 00:05:30]} {[%emt
00:01:57]} Bxf5 {[%clk 00:37:15]} {[%emt 00:00:12]} 42. gxf5 {[%clk 00:05:41]}
{[%emt 00:00:20]} Kf7 {[%clk 00:36:54]} {[%emt 00:00:51]} 43. Rxd6 {[%clk
00:05:29]} {[%emt 00:00:42]} Qxd6 {[%clk 00:37:20]} {[%emt 00:00:04]} 44. Qe3
{[%clk 00:05:31]} {[%emt 00:00:27]} Qf4 {[%clk 00:32:36]} {[%emt 00:05:14]} 45.
Qxf4 {[%clk 00:24:12]} {[%emt 00:11:49]} gxf4 {[%clk 01:02:59]} {[%emt
00:00:06]} 46. Kg4 {[%clk 00:24:35]} {[%emt 00:00:07]} a5 {[%clk 01:03:09]}
{[%emt 00:00:21]} 47. Kxf4 {[%clk 00:24:36]} {[%emt 00:00:29]} b4 {[%clk
01:02:02]} {[%emt 00:01:37]} 48. axb4 {[%clk 00:23:46]} {[%emt 00:01:20]} c3
{[%clk 01:02:25]} {[%emt 00:00:07]} 49. bxc3 {[%clk 00:22:08]} {[%emt
00:02:09]} a4 {[%clk 01:02:50]} {[%emt 00:00:04]} 50. b5 {[%clk 00:22:24]}
{[%emt 00:00:14]} a3 {[%clk 01:01:40]} {[%emt 00:01:40]} 51. b6 {[%clk
00:21:44]} {[%emt 00:01:10]} a2 {[%clk 01:02:06]} {[%emt 00:00:04]} 52. b7
{[%clk 00:22:07]} {[%emt 00:00:07]} a1=Q {[%clk 01:02:30]} {[%emt 00:00:06]}
53. b8=Q {[%clk 00:22:26]} {[%emt 00:00:11]} Qxc3 {[%clk 01:01:42]} {[%emt
00:01:18]} 54. Kg4 {[%clk 00:19:39]} {[%emt 00:03:18]} Qd2 {[%clk 01:01:33]}
{[%emt 00:00:38]} 55. Qc7+ {[%clk 00:15:51]} {[%emt 00:04:19]} Kg8 {[%clk
01:00:26]} {[%emt 00:01:36]} 56. Kxh4 {[%clk 00:15:37]} {[%emt 00:00:44]} Qh6+
{[%clk 01:00:47]} {[%emt 00:00:09]} 57. Kg3 {[%clk 00:16:00]} {[%emt 00:00:07]}
Qg5+ {[%clk 01:01:14]} {[%emt 00:00:04]} 58. Kh3 {[%clk 00:16:15]} {[%emt
00:00:15]} Qh6+ {[%clk 01:01:37]} {[%emt 00:00:08]} 59. Kg2 {[%clk 00:16:14]}
{[%emt 00:00:31]} Qd2+ {[%clk 01:02:01]} {[%emt 00:00:06]} 60. Kf1 {[%clk
00:09:01]} {[%emt 00:07:42]} Qd1+ {[%clk 01:02:16]} {[%emt 00:00:14]} 61. Kf2
{[%clk 00:07:45]} {[%emt 00:01:46]} Qd2+ {[%clk 01:02:40]} {[%emt 00:00:07]}
62. Kg1 {[%clk 00:06:30]} {[%emt 00:01:45]} Qe1+ {[%clk 01:03:04]} {[%emt
00:00:08]} 63. Kg2 {[%clk 00:06:48]} {[%emt 00:00:12]} Qd2+ {[%clk 01:03:30]}
{[%emt 00:00:04]} 64. Kh3 {[%clk 00:07:08]} {[%emt 00:00:09]} Qh6+ {[%clk
01:03:56]} {[%emt 00:00:05]} 65. Kg2 {[%clk 00:06:38]} {[%emt 00:01:00]} Qd2+
{[%emt 00:00:47]} 1/2-1/2